The Australian Oxford dictionary / (Record no. 609895)
[ view plain ]
| 000 -LEADER | |
|---|---|
| fixed length control field | 00707cam a2200229 a 4500 |
| 020 ## - INTERNATIONAL STANDARD BOOK NUMBER | |
| International Standard Book Number | 0195517970 |
| 082 00 - DEWEY DECIMAL CLASSIFICATION NUMBER | |
| Classification number | 423.0994 |
| Author Mark | AUS |
| 245 04 - TITLE STATEMENT | |
| Title | The Australian Oxford dictionary / |
| Statement of responsibility, etc. | edited by Bruce Moore. |
| 250 ## - EDITION STATEMENT | |
| Edition statement | 2nd Edition. |
| 260 ## - PUBLICATION, DISTRIBUTION, ETC. | |
| Place of publication, distribution, etc. | Melbourne, Vic. ; |
| -- | New York : |
| Name of publisher, distributor, etc. | Oxford University Press, |
| Date of publication, distribution, etc. | 2004. |
| 300 ## - PHYSICAL DESCRIPTION | |
| Extent | xviii, 1538p. : |
| Other physical details | map ; |
| Dimensions | 28 cm. |
| 563 ## - BINDING INFORMATION | |
| Binding note | HB |
| 650 #0 - SUBJECT ADDED ENTRY--TOPICAL TERM | |
| Topical term or geographic name entry element | English language |
| 650 #0 - SUBJECT ADDED ENTRY--TOPICAL TERM | |
| Topical term or geographic name entry element | Australianisms |
| 700 1# - ADDED ENTRY--PERSONAL NAME | |
| Personal name | Moore, Bruce, |
| Dates associated with a name | 1947- |
| 942 ## - ADDED ENTRY ELEMENTS (KOHA) | |
| Source of classification or shelving scheme | |
| Koha item type | Reference |
| 650 #0 - SUBJECT ADDED ENTRY--TOPICAL TERM | |
| -- | 123835 |
| 650 #0 - SUBJECT ADDED ENTRY--TOPICAL TERM | |
| -- | 123836 |
| 700 1# - ADDED ENTRY--PERSONAL NAME | |
| -- | 123837 |
| Withdrawn status | Lost status | Source of classification or shelving scheme | Materials specified (bound volume or other part) | Damaged status | Not for loan | Permanent Location | Current Location | Date acquired | Source of acquisition | Total Checkouts | Full call number | Barcode | Date last seen | Price effective from | Koha item type |
|---|---|---|---|---|---|---|---|---|---|---|---|---|---|---|---|
| Donated by Mr. Faizan Mansoor BEE-13-C, SEECS 2021 | Central Library (CL) | Central Library (CL) | 06/26/2024 | Donation | 423.0994 AUS | CL-D-2625 | 06/26/2024 | 06/26/2024 | Reference |
